000 00561nam a22001817a 4500
005 20231117144607.0
008 231117b |||||||| |||| 00| 0 eng d
020 _a0702112437
041 _aEnglish / Afrikaans
082 _a343.3 FOU
100 _aFourie, JM
_lEnglish / Afrikaans
245 _aThe New Debt Collecting Procedures /
_cJM Fourie
250 _aSecond Edition
260 _aCape Town :
_bJuta and Company Ltd,
_c1981
300 _b199 pages ;
_c25,5 cm.
650 _aLegal practice
_bLaw
942 _cBK
_6ALISON_BN_VRIES
999 _c778
_d778